Blague sur les pays #1 - Statistiques

Statistiques générales
  • Ce quiz a été pris 67 fois
  • Le résultat moyen est 3 sur 14
Statistiques - réponses
Hint Réponse % Correct
qui prend le plus de cocaïne Népal/Nez pâle
38%
Le plus rasta Yémen
36%
le plus bête Mongolie
29%
Qui a les prouts qui puent le plus Pérou/Pet roux
25%
Le plus gros Grèce/Graisse
20%
qui fait de l'argent facilement Tunisie/Tune easy
20%
Qui s'évanouie le plus Malaisie
16%
le plus dépensier Irak/Il raque
15%
Le plus pauvre subitement Bangladesh/Bang la Desh
13%
le plus inoffensif Bénin
13%
toujours innocenté La Libye/l'alibi
13%
Qui dansent le mieux Corée/chorée
9%
jamais réveillé L'Andorre
7%
Avec les habitants ayant les plus belles cloisons nasales Gabon/Gars beau nez (gabonais)
5%
Aucun quiz correspondant
Distribution des résultats
% des personnes avec chaque résultat
Percentile par nombre de réponses
Votre historique - résultats
Vous n’avez pas pris ce quiz